| 000 | 00423nam a2200181Ia 4500 | ||
|---|---|---|---|
| 001 | 3329 | ||
| 005 | 20260306145635.0 | ||
| 008 | 260306t1987||||xx |||||||||||||| ||spa|| | ||
| 041 | _aESP | ||
| 082 |
_a270 _bC28 V. 2 |
||
| 100 |
_aCarroll, Warren H. _eAUT |
||
| 245 | 4 | _aThe building of Christendom | |
| 260 | _c1987 | ||
| 300 |
_a616 páginas : _c23 cm. |
||
| 650 | _aGEN | ||
| 654 | _aCHU | ||
| 942 |
_cLIB _dJUS _fJUS _2ddc _n |
||
| 999 |
_c3329 _d3329 |
||